| 000 | 00796nam a2200277 a 4500 | ||
|---|---|---|---|
| 001 | 000108361 | ||
| 003 | CHAP | ||
| 005 | 20220329144009.0 | ||
| 008 | 140131s2012 it a |r| |||||||eng d | ||
| 010 | _a104823 | ||
| 011 | _a105795 | ||
| 040 | _cCHAP | ||
| 090 | _aFolleto 18388y | ||
| 245 | 1 | 0 |
_aWorld food day 16 october 2012 : _bAgricultural cooperatives key to feeding the world / _cpor FAO. |
| 260 |
_aRoma : _bFAO, _c2012. |
||
| 300 | _aHoja plegable. | ||
| 590 |
_aE5995AHE _b05 _c20140131 _lUCH01 _h1046 |
||
| 650 | 1 | 4 |
_aAgricultura cooperativa. _91945 |
| 650 | 1 | 4 |
_aCondiciones rurales. _926326 |
| 650 | 1 | 4 |
_aEmpresas pequeñas. _936658 |
| 650 | 1 | 4 |
_aSeguridad alimentaria. _9103673 |
| 650 | 1 | 4 |
_aSociedades cooperativas. _9108118 |
| 901 | _aBK | ||
| 942 | _cFOLL | ||
| 942 | _n0 | ||
| 999 |
_c104823 _d104823 |
||